Príprava bionafty z odpadných olejov
Salvato in:
| Autore principale: | |
|---|---|
| Altri autori: | |
| Natura: | Manoscritto Libro |
| Lingua: | slovacco |
| Pubblicazione: |
2025
|
| Soggetti: | |
| Accesso online: | http://is.stuba.sk/zp/portal_zp.pl?podrobnosti=171558 |
| Tags: |
Nessun Tag, puoi essere il primo ad aggiungerne!!
|
MARC
| LEADER | 00000ntm a22000003a 4500 | ||
|---|---|---|---|
| 001 | stuzp105234 | ||
| 003 | SK-STU | ||
| 005 | 20250628212449.2 | ||
| 007 | ta | ||
| 008 | 150427s2015----xo-----f-mn---000-0-slo-d | ||
| 040 | |a STU |b slo | ||
| 041 | 0 | |a slo | |
| 100 | 1 | |a Vanko, Adam |u 048130 |4 aut |U FCHPT Ústav organickej chémie, katalýzy a petrochémie |T FCHPT Oddelenie organickej technológie, katalýzy a ropy |X 117273 |U C8130 |Y 123 |7 117273 | |
| 242 | 0 | 1 | |a Biodiesel preparation from waste oils |y eng |
| 245 | 1 | 0 | |a Príprava bionafty z odpadných olejov |
| 260 | |c 2025 | ||
| 650 | 4 | |a bionafta |2 slo | |
| 650 | 4 | |a heterogénna transesterifikácia |2 slo | |
| 650 | 4 | |a hydrotalkit |2 slo | |
| 650 | 4 | |a katalyzátor |2 slo | |
| 650 | 4 | |a kalcinácia |2 slo | |
| 650 | 4 | |a co-precipitácia |2 slo | |
| 650 | 4 | |a biodiesel |2 eng | |
| 650 | 4 | |a heterogeneous transesterification |2 eng | |
| 650 | 4 | |a hydrotalcite |2 eng | |
| 650 | 4 | |a catalyst |2 eng | |
| 650 | 4 | |a calcination |2 eng | |
| 650 | 4 | |a co-precipitation |2 eng | |
| 700 | 1 | |a Bérešová, Miroslava |u 048130 |k Z1 |4 ths |U FCHPT Ústav organickej chémie, katalýzy a petrochémie |T FCHPT Oddelenie organickej technológie, katalýzy a ropy |X 64255 |U C8130 |Y 123 |7 64255 | |
| 856 | 4 | |u http://is.stuba.sk/zp/portal_zp.pl?podrobnosti=171558 | |